| 000 | 02080cam a22002174a 4500 | ||
|---|---|---|---|
| 005 | 20250605164241.0 | ||
| 008 | 250528s ||||||||||||||||||||||||d | ||
| 035 | _a21338 | ||
| 020 | _a9789602186053 | ||
| 040 |
_aGR-AtMCL _bgre _dGR-AtMCL _eAACR2 |
||
| 245 | 1 | _aΤο Επιχειρηματικό Όραμα σε Business Plan | |
| 250 | _a1η | ||
| 260 |
_bΚριτική, _c2009 |
||
| 300 | _a336 | ||
| 520 | _aΈνα πρότυπο επιχειρηματικού σχεδίου που προσαρμόζεται σε κάθε σύγχρονη οικονομική μονάδα, μεγάλη ή μικρή, νεοιδρυθείσα ή υπάρχουσα, καινοτόμα και υψηλής τεχνολογίας, παραγωγής αγαθών ή παροχής υπηρεσιών. Πρόλογος, Το Επιχειρηματικό Σχέδιο, Η Έννοια του Επιχειρηματικού Σχεδίου, Περίληψη για τους Λήπτες των Αποφάσεων (Executive Summary), Στρατηγική Ανάλυση, Στρατηγικός Σχεδιασμός, Σχεδιασμός Μάρκετινγκ, Λειτουργικό Σχέδιο, Οργανωτικά και Διοικητικά Σχέδια, Ανάλυση Κινδύνου, Το Χρηματοοικονομικό Σχέδιο, Ο Προϋπολογισμός Κόστους του Επιχειρηματικού Σχεδίου, Χρηματοοικονομική Αξιολόγηση: Το Σημείο Αφετηρίας, Χρηματοοικονομική Αξιολόγηση: Προβλέψεις, Χρηματοοικονομική Αξιολόγηση: Αποτίμηση, Η Χρηματοοικονομική Απόφαση: Πώς μας Επιλέγουν - Πώς Επιλέγουμε, Επίλογος, Γλωσσάρι, Ελληνική και Ξενόγλωσση Βιβλιογραφία. | ||
| 700 | 1 |
_aΚέφης Βασίλης _96862 |
|
| 700 | 1 |
_aΠαπαζαχαρίου Πέτρος _97391 |
|
| 942 | _cBK | ||
| 999 |
_c6403 _d6403 |
||